书目信息 |
| 题名: |
青年修养之友
|
|
| 作者: | ;解放军报编辑部 编 | |
| 分册: | ||
| 出版信息: | 北京 长征出版社 1982 |
|
| 页数: | 169页 | |
| 开本: | 19cm | |
| 丛书名: | ||
| 单 册: | ||
| 中图分类: | D432.63 | |
| 科图分类: | ||
| 主题词: | 思想修养--青年读物 | |
| 电子资源: | ||
| ISBN: | ||
| 000 | 00625nam0 2200229 45 | |
| 001 | 0182008389 | |
| 005 | 20060731093145.54 | |
| 010 | @dCNY0.47 | |
| 091 | @aCN@b3268.005 | |
| 100 | @a19950613d1982 em y0chiy0121 ea | |
| 101 | 0 | @achi |
| 102 | @aCN@b110000 | |
| 105 | @ay z 000yy | |
| 200 | 10 | @a青年修养之友@Aqing nian xiu yang zhi you@f解放军报编辑部编 |
| 210 | @a北京@c长征出版社@d1982 | |
| 215 | @a169页@d19cm | |
| 606 | @a思想修养@x青年读物 | |
| 690 | @aD432.63@v3 | |
| 711 | 02 | @a解放军报编辑部@Ajie fang jun bao bian ji bu@4编 |
| 801 | 2 | @aCN@bNLC@c20060731 |
| 801 | 0 | @aCN@bTSSF |
| 905 | @a10447@dD432.63@e169 | |
| 青年修养之友/解放军报编辑部编.-北京:长征出版社,1982 |
| 169页;19cm |
| ISBN :CNY0.47 |
| ● |
| 相关链接 |
|
|
|
|
正题名:青年修养之友
索取号:D432.63/169
 
预约/预借
| 序号 | 登录号 | 条形码 | 馆藏地/架位号 | 状态 | 备注 |
| 1 | 0440745 | 204407454 | 密集书库/ [索取号:D432.63/169] | 在馆 |